000 00809cam a2200265 4500
008 090401t1992 xxu||||| |||| 00| 0 eng d
020 _a0860173569
035 _a(Sirsi) u53452
041 _aeng
050 _a693.5
100 _aBungey, J.H.
245 _aTesting concrete in structures: a guide to equipment for testing concrete in structures.
260 _aLondon
_bCIRIA
_c1992
300 _a87p. : ill. ; 30cm.
350 _a0
490 _aCIRIA Technical Note
_v143
650 _aBUILT ENVIRONMENT-BUILDING MATERIALS
650 _aCONCRETE DURABILITY
650 _aCONCRETE STRENGTH
650 _aCONCRETE TESTING
690 _aBUILT ENVIRONMENT-BUILDING MATERIALS
710 _aConstruction Industry Research and Information Association
_94810
942 _n0
948 _c04/03/1997
999 _c93271
_d93271